=LDR 00000nam 2200000 4500 =001 $a INLIS000000000008548 =005 $a 20260629140043 =008 $a 260629################g##########0#ind## =022 ##$$a 978-979-062-375-0 =035 ##$$a 0010-0626000175 =082 ##$$a 658.82 =084 ##$$a 658.82 TAI b =100 #$$a Tai, Jacky =245 ##$$a brand management: $b 13 strategi untuk mengembangkan merek anda $c Jacky Tai, Wilson Chew; pengalih bahasa, Mery Lekatongpessy =247 ##$$a =260 ##$$a Jakarta $b Indeks $c 2012 =300 ##$$a xii; 304 hlm. $b ilus. $c 23,5 cm. $e =310 ##$$a =321 ##$$a =520 #$$a =650 #$$a Manajemen =700 #$$a Chew, Wilson =700 #$$a Mery Lekatongpessy =856 ##$$a =Wor $a 1